The devil and Miss Prym : (Record no. 30735)

MARC details
000 -LEADER
fixed length control field 01375nam a22002894a 4500
005 - DATE AND TIME OF LATEST TRANSACTION
control field 20090930132755.0
008 - FIXED-LENGTH DATA ELEMENTS--GENERAL INFORMATION
fixed length control field 051207s2006 nyu | 00| f eng
010 ## - LCCN (DPL NO)
LC control number B-359090
020 ## - INTERNATIONAL STANDARD BOOK NUMBER
International Standard Book Number 9788172235154
Terms of availability 250.00
020 ## - INTERNATIONAL STANDARD BOOK NUMBER
International Standard Book Number 8172235151
Terms of availability 250.00
035 ## - SYSTEM CONTROL NUMBER
System control number B-359090
037 ## - SOURCE OF ACQUISITION
Source of stock number/acquisition Pansy Books
040 ## - CATALOGING SOURCE
Original cataloging agency dpl
Language of cataloging English
082 ## - DEWEY DECIMAL CLASSIFICATION NUMBER
Classification number N
100 ## - MAIN ENTRY--PERSONAL NAME
Personal name Coelho, Paulo
245 ## - TITLE STATEMENT
Title The devil and Miss Prym :
Remainder of title a novel of temptation /
Statement of responsibility, etc by Paulo Coelho ; translated by Amanda Hopkinson and Nick Caistor.
260 ## - PUBLICATION, DISTRIBUTION, ETC. (IMPRINT)
Place of publication, distribution, etc New Delhi
Name of publisher, distributor, etc HarperCollins Publishers
Date of publication, distribution, etc 2008
270 ## - ADDRESS
Address 1A Hamilton House, Connaught Place
City New Delhi
Postal code 110001
300 ## - PHYSICAL DESCRIPTION
Extent ix, 201 p.
Dimensions 22cm(pbk)
700 ## - ADDED ENTRY--PERSONAL NAME
Personal name Hopkinson, Amanda
700 ## - ADDED ENTRY--PERSONAL NAME
Personal name Caistor, Nick.
942 ## - ADDED ENTRY ELEMENTS (KOHA)
Source of classification or shelving scheme Dewey Decimal Classification
Item type English Books
Classification part N
Call number suffix COE
Holdings
Withdrawn status Lost status Source of classification or shelving scheme Damaged status Not for loan Collection code Home library Current library Date acquired Source of acquisition Cost, normal purchase price Total Checkouts Full call number Barcode Date last seen Copy number Cost, replacement price Koha item type
  Written-off vide DLB M. No. 383 dt 16.05.19 Dewey Decimal Classification     Fiction Janak Puri Janak Puri 30/09/2009 Pansy Books/942/29.9.09/92/4.9.09/29.9.09 250.00 12 N COE B-359090 28/06/2018 1 250.00 English Books

© Delhi Public Library
Hit Counter
free hit counter